| 000 | 00745nam a2200265 a 4500 | ||
|---|---|---|---|
| 003 | AR-BaBNM | ||
| 005 | 20251128205017.0 | ||
| 008 | 082120s2002 ||||||||||||||000 | spa|| | ||
| 020 | _a987-99330-0-1 | ||
| 040 | _cAR-BaBNM | ||
| 100 | 1 | _aFerreyra, Erasmo Norberto | |
| 245 | 0 | 0 | _aLenguajización para la educación de adultos |
| 260 |
_aBuenos Aires _bGenitrix _c1993 |
||
| 300 |
_a318 p. _bil., tablas |
||
| 504 | _aBibliografía: p. 296-312 | ||
| 650 | 4 | _aEDUCACION DE ADULTOS | |
| 650 | 4 | _aALFABETIZACION | |
| 650 | 4 | _aTECNICAS DE ENSEÑANZA | |
| 650 | 4 | _aANIMADORES DE GRUPOS DE ADULTOS | |
| 650 | 4 | _aROL DEL DOCENTE | |
| 653 | _aEDUCACION POPULAR | ||
| 700 | 1 | _aGutiérrez Pérez, Francisco | |
| 942 | _cBK | ||
| 998 | _cSILVI | ||
| 999 |
_c9672 _d9672 |
||